A soberania do bem (Record no. 1963)
[ view plain ]
| 000 -Etiqueta do registo | |
|---|---|
| Valores | 00681nam a2200253 4500 |
| 010 ## - Número ISBN | |
| ISBN | 9789895760879 |
| 021 ## - Número do Depósito Legal | |
| Código do país | Portugal |
| Número | 534804/24 |
| 100 ## - Dados gerais de processamento | |
| Dados gerais | 20250811d2024 m||y0pory50030103ba |
| 101 ## - Língua de publicação | |
| Língua | Português |
| 102 ## - País de publicação | |
| País | Portugal |
| 200 ## - Titulo e menção de responsabilidade | |
| Título próprio | A soberania do bem |
| Primeira menção de responsabilidade | Iris Murdoch |
| Outras menções de responsabilidade | trad. João Germano |
| 205 ## - Menção da edição | |
| Edição | 1ª edição |
| 210 ## - Publicação | |
| Local de publicação | Lisboa |
| Nome do editor | Guerra & Paz |
| Data de publicação | 2024 |
| 215 ## - Descrição física | |
| Paginação / Volumes | 147, [5] p. |
| Dimensões | 24 cm |
| 300 ## - Notas gerais | |
| Texto da nota | BMB-Registado |
| 304 ## - Nota relativa ao título | |
| Texto de nota | Tít. orig.: The sovereignty of good |
| 606 ## - Nome comum usado como assunto | |
| ID Autoridade | 281 |
| Palavra de ordem | Moral |
| Subdivisão assunto | Ética |
| 675 ## - CDU | |
| Notação | 17 |
| Edição | BMB |
| Língua | por |
| 700 ## - Autor principal (pessoa individual) | |
| Apelido | Murdoch |
| Nome | Iris |
| Datas | 1919-1999 |
| ID Autoridade | 2819 |
| 702 ## - Autor secundário (pessoa individual) | |
| Apelido | Germano |
| Nome | João |
| Função | Tradutor |
| ID Autoridade | 2820 |
| 801 ## - Fonte de origem | |
| País | PT |
| Agência | BMB |
| Regras de catalogação | RPC |
| 990 ## - Elementos KOHA | |
| Tipo de documento | Livro |
| Situação do levantamento | Estado | Número | Biblioteca de origem | Código de barras | Cota | Permissão de empréstimo | Tipo de documento | Forma de aquisição |
|---|---|---|---|---|---|---|---|---|
| 1 | Biblioteca Municipal de Borba | 1912 | 17 MUR / SOB | Livro | Oferta |